000 00741nam a22002297a 4500
999 _c20355
_d20355
003 AR-CdUCM
008 190529b ||||| |||| 00| 0 spa d
040 _aMUNICIPALIDAD PROVINCIAL DEL CUSCO
_cBIBLIOTECA MUNICIPAL DEL CUSCO
082 _a970 /
_bC79
100 _aCosio Villegas, Daniel
_942573
245 _aExtremos de América /
260 _aMéxico :
_bPanamericana,
_c1949.
300 _a328 páginas ;
_c24 cm.
505 _aContenido : México y Estados Unidos -- La riqueza legendaria de México -- La conferencia de Chapultepec...
650 _aMéxico
_918
650 _aEnsayos
_9375
650 _aHistoria
_9136
650 _aCrisis de México
_942574
650 _aEspaña
_9176
942 _2ddc
_cLIBROS
945 _arcc